01191nam a2200253Ia 4500003000900000008004100009040001600050080002200066111014600088245023000234260006800464300001600532490003700548500002600585650001800611650004100629650002600670650003400696700003100730710005600761942000700817999001500824952009800839IN-BaIIA211028s9999 xx 000 0 eng d cIIA Library a52-74(082.2)bCHA aSymposium on the Universe at Ultraviolet Wavelengths the First Two Years of International Ultraviolet ExplorercMarylandd1980 May 7-9912884 4aThe universe at ultraviolet wavelengths the first two years of International ultraviolet explorerbproceedings of a symposium held at Maryland, USA, 7-9 May 1980cedited by R. D. Chapman  aWashingtonbNational Aeronautics and Space Administrationc1981 axiii, 824p. aNASA conference publication; 271 aDonated by Mrs. Bappu aAstronomy980 aAstronomy and astrophysics thesaurus aSpace astronomy93005 aUltra-violet astronomy911718 aChapman, R. D., ed.912885 aNational Aeronautics and Space Administration94960 cBK c7614d7614 00104070aBANbBANcGENd1983-07-21l0o52-74(082.2)/ CHAp8428r2021-11-05w1983-07-21yBK